A treasury of mystic terms: (Record no. 102065)
[ view plain ]
| 000 -LEADER | |
|---|---|
| fixed length control field | 00693nam a22001817a 4500 |
| 005 - DATE AND TIME OF LATEST TRANSACTION | |
| control field | 20200211145408.0 |
| 010 ## - LCCN (DPL NO) | |
| LC control number | ENG-127798-801 |
| 020 ## - INTERNATIONAL STANDARD BOOK NUMBER | |
| International Standard Book Number | 9789380077475 (4 vol-7 to 10) |
| Terms of availability | 500.00 (Set of 4 vols ) |
| 035 ## - SYSTEM CONTROL NUMBER | |
| System control number | EN-111330-333 |
| 037 ## - SOURCE OF ACQUISITION | |
| Source of stock number/acquisition | DBAD/PUB |
| 082 ## - DEWEY DECIMAL CLASSIFICATION NUMBER | |
| Classification number | 239.64 |
| 245 ## - TITLE STATEMENT | |
| Title | A treasury of mystic terms: |
| Statement of responsibility, etc | by John Davidson |
| Remainder of title | Part II Spiritual guides & practitioners/ |
| 260 ## - PUBLICATION, DISTRIBUTION, ETC. (IMPRINT) | |
| Place of publication, distribution, etc | New Delhi |
| Name of publisher, distributor, etc | Science Of The Soul Research Center |
| Date of publication, distribution, etc | 2016 |
| 270 ## - ADDRESS | |
| Address | Guru Ravi Dass Marg, Pusha Road |
| City | New Delhi |
| Postal code | 110005 |
| 300 ## - PHYSICAL DESCRIPTION | |
| Extent | Set of 4vols (lviii,540p,;xxviii,571p.;xxviii,572p.;xxvii,540p. |
| Dimensions | 24cm (Hb) |
| 700 ## - ADDED ENTRY--PERSONAL NAME | |
| Personal name | Davidson,John |
| 942 ## - ADDED ENTRY ELEMENTS (KOHA) | |
| Source of classification or shelving scheme | Dewey Decimal Classification |
| Item type | English Books |
| Classification part | 239.64 |
| Call number suffix | DAV |
| Withdrawn status | Lost status | Materials specified (bound volume or other part) | Not for loan | Collection code | Home library | Current library | Date acquired | Source of acquisition | Cost, normal purchase price | Full call number | Barcode | Copy number | Cost, replacement price | Koha item type |
|---|---|---|---|---|---|---|---|---|---|---|---|---|---|---|
| Part1,v7 | Non-fiction | Andrews Gunj | Andrews Gunj | 11/02/2020 | DBAD/PUB | 125.00 | 239.64 DAV | EN-111330 | 1 | 125.00 | English Books | |||
| Part1,v8 | Non-fiction | Andrews Gunj | Andrews Gunj | 11/02/2020 | DBAD/PUB | 125.00 | 239.64 DAV | EN-111331 | 1 | 125.00 | English Books | |||
| Part1,v9 | Non-fiction | Andrews Gunj | Andrews Gunj | 11/02/2020 | DBAD/PUB | 125.00 | 239.64 DAV | EN-111332 | 1 | 125.00 | English Books | |||
| Part1,v10 | Non-fiction | Andrews Gunj | Andrews Gunj | 11/02/2020 | DBAD/PUB | 125.00 | 239.64 DAV | EN-111333 | 1 | 125.00 | English Books |
